[Event "GBR-ch71"]
[Site "Brighton"]
[Date "1984.07.30"]
[Round "1"]
[White "Basman, Michael John"]
[Black "Fuller, Keith"]
[Result "1-0"]
[WhiteElo "2390"]
[BlackElo "2175"]
[PlyCount "61"]
[EventDate "1984.07.30"]
[EventType "swiss"]
[EventRounds "11"]
[EventCountry "GBR"]
[SourceTitle "BritBase"]
[Source "John Saunders"]
[SourceDate "2020.09.07"]
[SourceVersion "1"]
[SourceVersionDate "2020.09.07"]
[SourceQuality "2"]

1. e4 c6 2. d4 d5 3. e5 Bf5 4. Nf3 e6 5. Be2 Bg4 6. O-O Ne7 7. Nbd2 Nd7 8. b3
c5 9. c4 cxd4 10. Nxd4 Bxe2 11. Qxe2 Nc6 12. Nb5 a6 13. cxd5 axb5 14. dxc6 bxc6
15. Ne4 Be7 16. Qg4 g6 17. Bh6 Nxe5 18. Qg3 f6 19. Rad1 Qb8 20. Bg7 Rf8 21.
Bxf8 Kxf8 22. f4 Nf7 23. Qc3 Qb6+ 24. Kh1 b4 25. Qb2 f5 26. Nf6 Bxf6 27. Qxf6
Qb5 28. Rfe1 c5 29. Rxe6 Kg8 30. Re7 Rf8 31. Rxf7 1-0

[Event "GBR-ch71"]
[Site "Brighton"]
[Date "1984.07.30"]
[Round "1"]
[White "Carr, Neil L"]
[Black "Plaskett, H James"]
[Result "1-0"]
[WhiteElo "2310"]
[BlackElo "2470"]
[PlyCount "81"]
[EventDate "1984.07.30"]
[EventType "swiss"]
[EventRounds "11"]
[EventCountry "GBR"]
[SourceTitle "BritBase"]
[Source "John Saunders"]
[SourceDate "2020.09.07"]
[SourceVersion "1"]
[SourceVersionDate "2020.09.07"]
[SourceQuality "2"]

1. e4 c5 2. d4 cxd4 3. c3 dxc3 4. Nxc3 Nc6 5. Nf3 e6 6. Bc4 d6 7. O-O Be7 8.
Qe2 Nf6 9. Rd1 e5 10. h3 O-O 11. Be3 Be6 12. Rac1 Rc8 13. Bxe6 fxe6 14. b4 a6
15. b5 Nb8 16. Nxe5 Qa5 17. Nf3 Rxc3 18. Bd2 Qxb5 19. Qxb5 Rxc1 20. Qb3 Rxd1+
21. Qxd1 Nxe4 22. Be3 Nd7 23. Nd4 Nec5 24. Nb3 d5 25. Bd4 Rf4 26. Qc1 Re4 27.
f3 Rh4 28. Qe1 Kf7 29. Qg3 Nxb3 30. Qxg7+ Ke8 31. Bf2 Bf8 32. Qg8 Rh6 33. axb3
Ke7 34. Be3 Rh5 35. g4 Re5 36. Qxh7+ Kd8 37. Kf2 a5 38. Bf4 Bc5+ 39. Kf1 Bd4
40. Bxe5 Bxe5 41. g5 1-0

[Event "GBR-ch71"]
[Site "Brighton"]
[Date "1984.07.30"]
[Round "1"]
[White "Clarke, Thomas M"]
[Black "Hawkes, Robert"]
[Result "1/2-1/2"]
[WhiteElo "2080"]
[BlackElo "2365"]
[PlyCount "42"]
[EventDate "1984.07.30"]
[EventType "swiss"]
[EventRounds "11"]
[EventCountry "GBR"]
[SourceTitle "BritBase"]
[Source "John Saunders"]
[SourceDate "2020.09.07"]
[SourceVersion "1"]
[SourceVersionDate "2020.09.07"]
[SourceQuality "2"]

1. e4 c6 2. d4 d5 3. exd5 cxd5 4. c4 Nf6 5. Nf3 g6 6. Nc3 Bg7 7. cxd5 Nxd5 8.
Bc4 Nb6 9. Bb3 O-O 10. Be3 Nc6 11. O-O Bg4 12. h3 Bf5 13. Rc1 Rc8 14. Re1 Na5
15. Bg5 Nxb3 16. Qxb3 Re8 17. Rcd1 Qd6 18. Bh4 Bf6 19. Bg3 Qd8 20. Ne5 Rf8 21.
a4 Bxe5 1/2-1/2

[Event "GBR-ch71"]
[Site "Brighton"]
[Date "1984.07.30"]
[Round "1"]
[White "Conquest, Stuart"]
[Black "Hodgson, Julian M"]
[Result "0-1"]
[WhiteElo "2300"]
[BlackElo "2450"]
[PlyCount "38"]
[EventDate "1984.07.30"]
[EventType "swiss"]
[EventRounds "11"]
[EventCountry "GBR"]
[SourceTitle "BritBase"]
[Source "John Saunders"]
[SourceDate "2020.09.07"]
[SourceVersion "1"]
[SourceVersionDate "2020.09.07"]
[SourceQuality "2"]

1. d4 b5 2. Bg5 Bb7 3. Qd3 b4 4. Nd2 h6 5. Bh4 c5 6. dxc5 Qc7 7. O-O-O Qxc5 8.
Ngf3 Ba6 9. Nb3 Bxd3 10. Nxc5 Bh7 11. e3 a6 12. Ne5 g5 13. Bg3 Nf6 14. Nc4 d6
15. Nb6 Ra7 16. Bd3 dxc5 17. Bxh7 Rxh7 18. Bxb8 Rb7 19. Na8 Nd7 0-1

[Event "GBR-ch71"]
[Site "Brighton"]
[Date "1984.07.30"]
[Round "1"]
[White "Gallagher, Joseph G"]
[Black "Martin, Andrew D"]
[Result "0-1"]
[WhiteElo "2295"]
[BlackElo "2445"]
[PlyCount "106"]
[EventDate "1984.07.30"]
[EventType "swiss"]
[EventRounds "11"]
[EventCountry "GBR"]
[SourceTitle "BritBase"]
[Source "John Saunders"]
[SourceDate "2020.09.07"]
[SourceVersion "1"]
[SourceVersionDate "2020.09.07"]
[SourceQuality "2"]

1. d4 d5 2. c4 e6 3. Nc3 c6 4. Nf3 dxc4 5. a4 Bb4 6. e4 b5 7. g3 Bb7 8. Bg2 Nf6
9. e5 Nd5 10. Qc2 Nd7 11. O-O a6 12. Ng5 Qb6 13. Rd1 Be7 14. Nxd5 cxd5 15. Nxh7
bxa4 16. Ng5 Qb3 17. Qe2 Bc6 18. Be3 Rb8 19. Qg4 Bxg5 20. Qxg5 g6 21. Rd2 Qb4
22. Ra3 Qe7 23. Qxe7+ Kxe7 24. Bg5+ Kf8 25. Rc3 Rb4 26. Rdc2 Bb5 27. h4 Rb3 28.
g4 Kg7 29. f4 f6 30. exf6+ Nxf6 31. f5 gxf5 32. gxf5 exf5 33. Rf2 Kg6 34. Rc1
Ne4 35. Bxe4 dxe4 36. Re1 Rg3+ 37. Rg2 Rxg2+ 38. Kxg2 Rb8 39. Kg3 Bd7 40. Bc1
Rb3+ 41. Re3 Kh5 42. Kf4 Rxe3 43. Bxe3 Kxh4 44. d5 Kh3 45. Bb6 Kg2 46. Ke3 Kg3
47. Bc7+ Kg4 48. Be5 Bb5 49. Bd6 c3 50. bxc3 Bc4 51. Bc5 Bxd5 52. Bd6 Bb7 53.
c4 Bc6 0-1

[Event "GBR-ch71"]
[Site "Brighton"]
[Date "1984.07.30"]
[Round "1"]
[White "Giulian, Philip Maurice"]
[Black "Johansen, Darryl Keith"]
[Result "1/2-1/2"]
[WhiteElo "2230"]
[BlackElo "2440"]
[PlyCount "78"]
[EventDate "1984.07.30"]
[EventType "swiss"]
[EventRounds "11"]
[EventCountry "GBR"]
[SourceTitle "BritBase"]
[Source "John Saunders"]
[SourceDate "2020.09.07"]
[SourceVersion "1"]
[SourceVersionDate "2020.09.07"]
[SourceQuality "2"]

1. d4 d6 2. e4 c6 3. c4 Nf6 4. Nc3 e5 5. dxe5 dxe5 6. Qxd8+ Kxd8 7. Bg5 Nbd7 8.
O-O-O Bc5 9. f3 Kc7 10. Nge2 h6 11. Bd2 Nb6 12. Ng3 Be6 13. b3 a5 14. a4 Rhd8
15. Be2 Bd4 16. Nf5 Bxf5 17. exf5 Nbd7 18. Bd3 Nc5 19. Bc2 Rd7 20. g4 Rad8 21.
h4 Bf2 22. Nb1 b6 23. Bc3 Be3+ 24. Kb2 Bd4 25. Rhe1 Bxc3+ 26. Kxc3 Rd4 27. Rxd4
exd4+ 28. Kd2 Kd6 29. Bd1 Nfd7 30. Kc2 Ne5 31. Nd2 Ned3 32. Ne4+ Kc7 33. Re2
Ne5 34. Nxc5 d3+ 35. Nxd3 Nxd3 36. Re7+ Kc8 37. Rxf7 Nb4+ 38. Kc1 Na2+ 39. Kc2
Nb4+ 1/2-1/2

[Event "GBR-ch71"]
[Site "Brighton"]
[Date "1984.07.30"]
[Round "1"]
[White "Hawksworth, John C"]
[Black "Chandler, Murray G"]
[Result "1/2-1/2"]
[WhiteElo "2340"]
[BlackElo "2540"]
[PlyCount "55"]
[EventDate "1984.07.30"]
[EventType "swiss"]
[EventRounds "11"]
[EventCountry "GBR"]
[SourceTitle "BritBase"]
[Source "John Saunders"]
[SourceDate "2020.09.07"]
[SourceVersion "1"]
[SourceVersionDate "2020.09.07"]
[SourceQuality "2"]

1. d4 d5 2. c4 e6 3. Nf3 c5 4. cxd5 exd5 5. Nc3 Nc6 6. Bg5 Be7 7. Bxe7 Ngxe7 8.
e3 cxd4 9. Nxd4 O-O 10. Be2 Qb6 11. Qb3 Nxd4 12. Qxb6 axb6 13. exd4 Nf5 14.
O-O-O Be6 15. b3 Nd6 16. Bf3 f5 17. Rhe1 Ne4 18. Bxe4 fxe4 19. f3 b5 20. fxe4
b4 21. Na4 dxe4 22. Rd2 Bf5 23. Nc5 b6 24. Nxe4 Rfe8 25. Rde2 Red8 26. Rd2 Re8
27. Rde2 Red8 28. Rd2 1/2-1/2

[Event "GBR-ch71"]
[Site "Brighton"]
[Date "1984.07.30"]
[Round "1"]
[White "Hawthorne, John P"]
[Black "Lawton, Geoffrey W"]
[Result "1-0"]
[WhiteElo "2150"]
[BlackElo "2385"]
[PlyCount "105"]
[EventDate "1984.07.30"]
[EventType "swiss"]
[EventRounds "11"]
[EventCountry "GBR"]
[SourceTitle "BritBase"]
[Source "John Saunders"]
[SourceDate "2020.09.07"]
[SourceVersion "1"]
[SourceVersionDate "2020.09.07"]
[SourceQuality "2"]

1. d4 Nf6 2. Nf3 g6 3. Bf4 Bg7 4. e3 d6 5. Be2 O-O 6. h3 c5 7. c3 b6 8. O-O Bb7
9. Nbd2 Nbd7 10. Bh2 a6 11. a4 Bc6 12. b4 d5 13. b5 Bb7 14. bxa6 Bxa6 15. Bb5
Bb7 16. Qe2 Nb8 17. Ne5 Ne8 18. Nd3 Nd6 19. Ne5 Ne8 20. Nd3 Qc8 21. Be5 Nd6 22.
Bxg7 Kxg7 23. Ne5 Qc7 24. Bd3 Ba6 25. Bxa6 Rxa6 26. e4 cxd4 27. cxd4 dxe4 28.
Nxe4 Qa7 29. Nc3 Rc8 30. Rac1 Qb7 31. d5 Ra5 32. Nd3 Qd7 33. Rfe1 Ra7 34. Qe3
Qd8 35. Qd4+ Kg8 36. Nb5 Rd7 37. Rxc8 Nxc8 38. Nb4 e6 39. Qe3 Nd6 40. dxe6 fxe6
41. Qxe6+ Nf7 42. Nc3 Rd6 43. Qc4 Nd7 44. Nc6 Qa8 45. Re7 Qf8 46. Nd5 Nc5 47.
Rc7 Ne6 48. Rc8 Ned8 49. Nxd8 Nxd8 50. Nxb6+ Kh8 51. Qc7 Rd1+ 52. Kh2 Qe8 53.
a5 1-0

[Event "GBR-ch71"]
[Site "Brighton"]
[Date "1984.07.30"]
[Round "1"]
[White "Hebden, Mark L"]
[Black "Dunnington, Angus J"]
[Result "1-0"]
[WhiteElo "2480"]
[BlackElo "2325"]
[PlyCount "105"]
[EventDate "1984.07.30"]
[EventType "swiss"]
[EventRounds "11"]
[EventCountry "GBR"]
[SourceTitle "BritBase"]
[Source "John Saunders"]
[SourceDate "2020.09.07"]
[SourceVersion "1"]
[SourceVersionDate "2020.09.07"]
[SourceQuality "2"]

1. e4 c6 2. d4 d5 3. exd5 cxd5 4. c4 Nf6 5. Nc3 g6 6. Qb3 Bg7 7. cxd5 O-O 8.
Be2 Nbd7 9. Bf3 Nb6 10. Bg5 Bf5 11. Rd1 a5 12. Nge2 a4 13. Qb5 Nc8 14. Ng3 Nd6
15. Qe2 Bc8 16. O-O b5 17. Rfe1 b4 18. Nce4 Ba6 19. Qc2 Bb5 20. Nxd6 exd6 21.
Qd2 Bc4 22. b3 axb3 23. Qxb4 Ba6 24. axb3 Qd7 25. Qd2 Bb7 26. Bxf6 Bxf6 27. Qf4
Be7 28. Re2 Qd8 29. Qd2 Ba6 30. Ree1 Bg5 31. Qc2 Rc8 32. Qa2 Ra8 33. Ra1 Bf6
34. Qd2 Qb6 35. Rad1 Rfe8 36. Ne4 Be7 37. Re3 Bb5 38. Be2 Bd7 39. Bc4 Kg7 40.
Qe2 Qb4 41. Nc5 Bg5 42. Nxd7 Bxe3 43. fxe3 Re7 44. Bb5 Qxb3 45. Re1 Ra2 46. Qf1
Qc3 47. Qf6+ Kg8 48. Rf1 Qxe3+ 49. Kh1 Qd2 50. Rg1 Qe3 51. Qxd6 Ra8 52. Bc6 Rc8
53. h3 1-0

[Event "GBR-ch71"]
[Site "Brighton"]
[Date "1984.07.30"]
[Round "1"]
[White "Hjorth, Greg"]
[Black "Baker, Chris W"]
[Result "1-0"]
[WhiteElo "2440"]
[BlackElo "2235"]
[PlyCount "81"]
[EventDate "1984.07.30"]
[EventType "swiss"]
[EventRounds "11"]
[EventCountry "GBR"]
[SourceTitle "BritBase"]
[Source "John Saunders"]
[SourceDate "2020.09.07"]
[SourceVersion "1"]
[SourceVersionDate "2020.09.07"]
[SourceQuality "2"]

1. c4 Nf6 2. g3 e5 3. Bg2 c6 4. b3 d5 5. Bb2 Bd6 6. d3 O-O 7. Nd2 Re8 8. Qc2
Nbd7 9. Ngf3 Qe7 10. O-O h6 11. Rad1 a5 12. e4 dxe4 13. dxe4 Nc5 14. h3 Qc7 15.
Nh4 Rd8 16. Rfe1 Be6 17. Nf1 Ncd7 18. Re3 Bc5 19. Red3 a4 20. Bc3 axb3 21. axb3
Ra3 22. b4 Be7 23. Bxe5 Nxe5 24. Rxa3 Nxc4 25. Ra7 Rb8 26. Rb1 Qb6 27. Ra4 Qb5
28. Nf3 Rd8 29. Rd1 Rxd1 30. Qxd1 Nb6 31. Ra7 Bc8 32. Nd4 Qxb4 33. Ne3 g6 34.
e5 Ne8 35. Bxc6 Nc7 36. Bxb7 Bxh3 37. Nc6 Qc5 38. Ra5 Nb5 39. Nxe7+ Kg7 40. Qd8
Qc1+ 41. Kh2 1-0

[Event "GBR-ch71"]
[Site "Brighton"]
[Date "1984.07.30"]
[Round "1"]
[White "James, Stephen C"]
[Black "Bellin, Robert"]
[Result "1/2-1/2"]
[WhiteElo "2140"]
[BlackElo "2370"]
[PlyCount "81"]
[EventDate "1984.07.30"]
[EventType "swiss"]
[EventRounds "11"]
[EventCountry "GBR"]
[SourceTitle "BritBase"]
[Source "John Saunders"]
[SourceDate "2020.09.07"]
[SourceVersion "1"]
[SourceVersionDate "2020.09.07"]
[SourceQuality "2"]

1. d4 e6 2. c4 f5 3. g3 Nf6 4. Nf3 Be7 5. Bg2 O-O 6. O-O c6 7. Nc3 d5 8. b3 Ne4
9. Qc2 Bd7 10. Ne5 Nxc3 11. Qxc3 Be8 12. Nd3 Bf7 13. Bf4 Nd7 14. Be5 g5 15. f4
g4 16. c5 h5 17. e3 Be8 18. Rfb1 Rf7 19. Kf2 Rh7 20. a3 h4 21. b4 Nf8 22. Nc1
Ng6 23. Ne2 Bd7 24. a4 a6 25. a5 Qf8 26. Rh1 Kf7 27. Rad1 Rh8 28. Qa1 Qh6 29.
Rc1 Rhg8 30. Rcd1 Qh7 31. Qb1 Nf8 32. Qa1 Rg6 33. Qb1 Rh6 34. Qa1 Ng6 35. Rb1
Ke8 36. Rbd1 Kd8 37. Rb1 Be8 38. Rbd1 Kc8 39. Rb1 Bd8 40. Rbd1 Kd7 41. Rb1
1/2-1/2

[Event "GBR-ch71"]
[Site "Brighton"]
[Date "1984.07.30"]
[Round "1"]
[White "King, Daniel J"]
[Black "Granat, Russell"]
[Result "1-0"]
[WhiteElo "2435"]
[BlackElo "2265"]
[PlyCount "89"]
[EventDate "1984.07.30"]
[EventType "swiss"]
[EventRounds "11"]
[EventCountry "GBR"]
[SourceTitle "BritBase"]
[Source "John Saunders"]
[SourceDate "2020.09.07"]
[SourceVersion "1"]
[SourceVersionDate "2020.09.07"]
[SourceQuality "2"]

1. d4 d5 2. c4 c6 3. cxd5 cxd5 4. Nc3 Nc6 5. Nf3 Nf6 6. Bf4 e6 7. e3 Bd6 8. Bg3
Ne4 9. Nxe4 dxe4 10. Nd2 f5 11. Bb5 O-O 12. O-O Ne7 13. Qb3 Bxg3 14. hxg3 Kh8
15. Rfd1 a6 16. Bc4 Qd6 17. a4 Bd7 18. a5 Rfb8 19. Qa2 b5 20. axb6 Rxb6 21. Nb3
Rab8 22. Rd2 Bb5 23. Nc5 e5 24. Bxb5 Rxb5 25. Qxa6 Nc6 26. Rc1 R5b6 27. Qc4
exd4 28. exd4 h6 29. b3 Ne5 30. Qe2 Ng4 31. f3 Nf2 32. fxe4 fxe4 33. Nxe4 Nxe4
34. Qxe4 Rxb3 35. Rd3 Rb2 36. Rdc3 Rb1 37. Rxb1 Rxb1+ 38. Kh2 Rb8 39. Qf4 Qb4
40. Rc7 Rf8 41. Qe5 Rg8 42. d5 Qg4 43. d6 Kh7 44. d7 Rb8 45. Rc4 1-0

[Event "GBR-ch71"]
[Site "Brighton"]
[Date "1984.07.30"]
[Round "1"]
[White "Kosten, Anthony C"]
[Black "Yeo, Michael J"]
[Result "1/2-1/2"]
[WhiteElo "2420"]
[BlackElo "2205"]
[PlyCount "86"]
[EventDate "1984.07.30"]
[EventType "swiss"]
[EventRounds "11"]
[EventCountry "GBR"]
[SourceTitle "BritBase"]
[Source "John Saunders"]
[SourceDate "2020.09.07"]
[SourceVersion "1"]
[SourceVersionDate "2020.09.07"]
[SourceQuality "2"]

1. e4 e5 2. Nf3 Nc6 3. Bb5 a6 4. Ba4 d6 5. d4 b5 6. Bb3 Nxd4 7. Nxd4 exd4 8. c3
dxc3 9. Qh5 Qd7 10. Nxc3 Nf6 11. Qe2 Be7 12. a4 b4 13. Nd5 Nxd5 14. exd5 O-O
15. a5 Bf6 16. O-O Qg4 17. Re1 Qxe2 18. Rxe2 Bg4 19. f3 Bf5 20. Bc4 Rfb8 21. g4
Bd7 22. Be3 Re8 23. Kg2 c5 24. dxc6 Bxc6 25. Rd1 d5 26. Bxd5 Bxd5 27. Rxd5 Rad8
28. Rxd8 Bxd8 29. Kf2 Bxa5 30. Rc2 Bd8 31. g5 f6 32. h4 Kf7 33. Rc6 Re6 34. Rc8
Bb6 35. Bxb6 Rxb6 36. Rc7+ Kg6 37. h5+ Kxg5 38. Rxg7+ Kh6 39. Ra7 Re6 40. Kg3
Re2 41. Rxa6 Rxb2 42. Kg4 Rg2+ 43. Kh3 Rg1 1/2-1/2

[Event "GBR-ch71"]
[Site "Brighton"]
[Date "1984.07.30"]
[Round "1"]
[White "Levene, Mark"]
[Black "Strauss, David J"]
[Result "0-1"]
[WhiteElo "2205"]
[BlackElo "2425"]
[PlyCount "98"]
[EventDate "1984.07.30"]
[EventType "swiss"]
[EventRounds "11"]
[EventCountry "GBR"]
[SourceTitle "BritBase"]
[Source "John Saunders"]
[SourceDate "2020.09.07"]
[SourceVersion "1"]
[SourceVersionDate "2020.09.07"]
[SourceQuality "2"]

1. e4 c5 2. Nf3 Nc6 3. d4 cxd4 4. Nxd4 Nf6 5. Nc3 d6 6. Bc4 Bd7 7. Bb3 g6 8.
O-O Bg7 9. Re1 O-O 10. Nxc6 bxc6 11. Bg5 h6 12. Bh4 a5 13. Qd2 g5 14. Bg3 Nh5
15. Rad1 Qb6 16. Na4 Qa7 17. c4 Bg4 18. Rc1 Qd4 19. Qxd4 Bxd4 20. Bd1 Bxd1 21.
Rexd1 c5 22. Nc3 Rfb8 23. b3 Bxc3 24. Rxc3 a4 25. e5 axb3 26. axb3 f5 27. exf6
Nxf6 28. f3 Ra2 29. Re3 Rb7 30. Rb1 Kf7 31. Kf1 Rba7 32. Re2 Rxe2 33. Kxe2 Ra2+
34. Kf1 e5 35. b4 cxb4 36. Rxb4 Rc2 37. Bf2 Ke6 38. Be3 e4 39. fxe4 Ng4 40. Bd4
Nxh2+ 41. Kg1 Ng4 42. Kf1 Nh2+ 43. Kg1 Ng4 44. Kf1 h5 45. Ra4 h4 46. Rb4 h3 47.
gxh3 Nh2+ 48. Kg1 Nf3+ 49. Kh1 Rh2# 0-1

[Event "GBR-ch71"]
[Site "Brighton"]
[Date "1984.07.30"]
[Round "1"]
[White "Levitt, Jonathan"]
[Black "Buchanan, Walter F"]
[Result "0-1"]
[WhiteElo "2370"]
[BlackElo "2160"]
[PlyCount "76"]
[EventDate "1984.07.30"]
[EventType "swiss"]
[EventRounds "11"]
[EventCountry "GBR"]
[SourceTitle "BritBase"]
[Source "John Saunders"]
[SourceDate "2020.09.07"]
[SourceVersion "1"]
[SourceVersionDate "2020.09.07"]
[SourceQuality "2"]

1. e4 e6 2. d4 d5 3. e5 c5 4. c3 Nc6 5. Nf3 Qb6 6. a3 a5 7. Bd3 Bd7 8. O-O Nge7
9. dxc5 Qc7 10. Be3 Nxe5 11. Nxe5 Qxe5 12. Bd4 Qf4 13. Qe2 Nc6 14. Bb5 Be7 15.
Bxc6 Bxc6 16. Bxg7 Rg8 17. Bd4 Kd7 18. Nd2 f6 19. b4 b5 20. cxb6 Bd6 21. g3 Qh4
22. Rfe1 Qh3 23. Qf1 Qf5 24. Nb3 e5 25. bxa5 exd4 26. Nxd4 Qh5 27. a6 Rg6 28.
Rab1 Rag8 29. Nxc6 Bxg3 30. Re7+ Kd6 31. Re6+ Kxe6 32. Nd4+ Kf7 33. fxg3 Rxg3+
34. Kh1 Rg2 35. Qf4 R8g3 36. Qxg3 Rxg3 37. b7 Qg6 38. b8=Q Qe4+ 0-1

[Event "GBR-ch71"]
[Site "Brighton"]
[Date "1984.07.30"]
[Round "1"]
[White "Mestel, A Jonathan"]
[Black "Davies, Nigel Rodney"]
[Result "1/2-1/2"]
[WhiteElo "2545"]
[BlackElo "2340"]
[PlyCount "96"]
[EventDate "1984.07.30"]
[EventType "swiss"]
[EventRounds "11"]
[EventCountry "GBR"]
[SourceTitle "BritBase"]
[Source "John Saunders"]
[SourceDate "2020.09.07"]
[SourceVersion "1"]
[SourceVersionDate "2020.09.07"]
[SourceQuality "2"]

1. d4 g6 2. e4 Bg7 3. c4 c5 4. d5 d6 5. Nc3 Nf6 6. f3 O-O 7. Bg5 h6 8. Be3 e5
9. Qd2 h5 10. O-O-O a6 11. h4 b5 12. Nh3 Nbd7 13. Nf2 Qa5 14. Kb1 Nb6 15. Bd3
Bd7 16. g4 Rfb8 17. Bg5 hxg4 18. Bxf6 Bxf6 19. Nxg4 Bg7 20. Qg5 bxc4 21. h5 Na4
22. Nxa4 Bxa4 23. Rd2 cxd3 24. hxg6 Bc2+ 25. Rxc2 dxc2+ 26. Kc1 Qxa2 27. Nf6+
Kf8 28. Nh7+ Ke8 29. gxf7+ Kd7 30. f8=N+ Bxf8 31. Nxf8+ Kc7 32. Qe7+ Kb6 33.
Qxd6+ Ka5 34. Qxc5+ Rb5 35. Qc7+ Rb6 36. Qc5+ Rb5 37. Qc7+ Rb6 38. b4+ Kb5 39.
Qc5+ Ka4 40. Qxb6 Qb1+ 41. Kd2 Qxh1 42. Qc6+ Kxb4 43. Qc3+ Kb5 44. Kxc2 Rxf8
45. Qb3+ Kc5 46. Qa3+ Kc4 47. Qxa6+ Kb4 48. Qd6+ Kc4 1/2-1/2

[Event "GBR-ch71"]
[Site "Brighton"]
[Date "1984.07.30"]
[Round "1"]
[White "Mithrakanth, Poorna Sharma"]
[Black "Needham, Teresa"]
[Result "1-0"]
[WhiteElo "2365"]
[BlackElo "2075"]
[PlyCount "45"]
[EventDate "1984.07.30"]
[EventType "swiss"]
[EventRounds "11"]
[EventCountry "GBR"]
[SourceTitle "BritBase"]
[Source "John Saunders"]
[SourceDate "2020.09.07"]
[SourceVersion "1"]
[SourceVersionDate "2020.09.07"]
[SourceQuality "2"]

1. e4 e5 2. Nf3 Nf6 3. d4 exd4 4. e5 Ne4 5. Qxd4 d5 6. exd6 Nxd6 7. Bg5 Qd7 8.
Nc3 Nc6 9. Qe3+ Be7 10. O-O-O O-O 11. Bb5 Bxg5 12. Qxg5 Qf5 13. Qxf5 Bxf5 14.
Bxc6 bxc6 15. Ne5 c5 16. Nd5 Be4 17. Nxc7 Rad8 18. f3 Bb7 19. Rd2 Nf5 20. Nd7
Nh4 21. Nxf8 Rxf8 22. Re1 Bc6 23. Re5 1-0

[Event "GBR-ch71"]
[Site "Brighton"]
[Date "1984.07.30"]
[Round "1"]
[White "O'Hara, Michael J"]
[Black "Botterill, George Steven"]
[Result "0-1"]
[WhiteElo "2215"]
[BlackElo "2430"]
[PlyCount "100"]
[EventDate "1984.07.30"]
[EventType "swiss"]
[EventRounds "11"]
[EventCountry "GBR"]
[SourceTitle "BritBase"]
[Source "John Saunders"]
[SourceDate "2020.09.07"]
[SourceVersion "1"]
[SourceVersionDate "2020.09.07"]
[SourceQuality "2"]

1. e4 e6 2. c4 c5 3. Nc3 Nc6 4. g3 g6 5. Bg2 Bg7 6. Nge2 Nge7 7. d3 d6 8. O-O
O-O 9. Be3 Nd4 10. Qd2 Nec6 11. Rad1 Qa5 12. a3 Bd7 13. Bxd4 Nxd4 14. Nxd4 cxd4
15. Ne2 Qxd2 16. Rxd2 Rab8 17. Rc1 Bh6 18. f4 e5 19. h3 Rfc8 20. a4 Bxa4 21.
Ra1 Bc6 22. Rxa7 Ra8 23. Rxa8 Rxa8 24. g4 f6 25. h4 Bxf4 26. Nxf4 exf4 27. Kf2
g5 28. h5 Ra2 29. Bf3 Kf7 30. Ke2 Ke6 31. b4 Rxd2+ 32. Kxd2 b5 33. Bg2 Ke5 34.
Bf3 h6 35. Bg2 Bd7 36. Bf3 Bc6 37. Bg2 Be8 38. Bf3 Bd7 39. Ke2 Bc6 40. Kd2 Be8
41. Ke2 Bc6 42. Kd2 bxc4 43. dxc4 Bxe4 44. Bxe4 Kxe4 45. b5 f3 46. b6 d3 47. b7
f2 48. b8=Q f1=Q 49. Qxd6 Qf4+ 50. Qxf4+ gxf4 0-1

[Event "GBR-ch71"]
[Site "Brighton"]
[Date "1984.07.30"]
[Round "1"]
[White "Ravikumar, Vaidyanathan"]
[Black "Prettejohn, Michael Hugh"]
[Result "1-0"]
[WhiteElo "2385"]
[BlackElo "2145"]
[PlyCount "65"]
[EventDate "1984.07.30"]
[EventType "swiss"]
[EventRounds "11"]
[EventCountry "GBR"]
[SourceTitle "BritBase"]
[Source "John Saunders"]
[SourceDate "2020.09.07"]
[SourceVersion "1"]
[SourceVersionDate "2020.09.07"]
[SourceQuality "2"]

1. d4 Nf6 2. c4 e6 3. Nf3 b6 4. e3 Bb7 5. Bd3 c5 6. O-O Be7 7. Nc3 cxd4 8. exd4
d5 9. Re1 O-O 10. Bg5 Nc6 11. a3 Rc8 12. Bxf6 Bxf6 13. cxd5 exd5 14. Bc2 g6 15.
Ba4 a6 16. Bxc6 Bxc6 17. Ne5 Qd6 18. Qf3 Rcd8 19. Re2 Bg7 20. Rae1 Bb7 21. Na4
f6 22. Nd3 Qc6 23. Nc3 Rfe8 24. Rxe8+ Rxe8 25. Qxd5+ Qxd5 26. Rxe8+ Kf7 27.
Nxd5 Kxe8 28. Nxb6 f5 29. Ne5 Bxe5 30. dxe5 f4 31. g3 g5 32. gxf4 gxf4 33. Na4
1-0

[Event "GBR-ch71"]
[Site "Brighton"]
[Date "1984.07.30"]
[Round "1"]
[White "Ravisekhar, Raja"]
[Black "Waddingham, Graham A"]
[Result "1-0"]
[WhiteElo "2430"]
[BlackElo "2215"]
[PlyCount "105"]
[EventDate "1984.07.30"]
[EventType "swiss"]
[EventRounds "11"]
[EventCountry "GBR"]
[SourceTitle "BritBase"]
[Source "John Saunders"]
[SourceDate "2020.09.07"]
[SourceVersion "1"]
[SourceVersionDate "2020.09.07"]
[SourceQuality "2"]

1. d4 d5 2. Bf4 Nf6 3. e3 e6 4. Nd2 c5 5. c3 Nc6 6. Bd3 Be7 7. h3 O-O 8. Ngf3
a6 9. O-O cxd4 10. exd4 Bd7 11. Qe2 Rc8 12. Rfe1 Na5 13. Ne5 b5 14. Nf1 Ne8 15.
Ne3 Nd6 16. Nxd5 exd5 17. Nxd7 Re8 18. Bxd6 Qxd7 19. Bxe7 Nc6 20. Bxh7+ Kxh7
21. Qd3+ Kg8 22. Bc5 Nd8 23. Rxe8+ Qxe8 24. Qf5 Qc6 25. Re1 Ne6 26. b4 Ra8 27.
h4 a5 28. a3 axb4 29. Bxb4 Re8 30. h5 Qd7 31. Re3 Qd8 32. Re5 Qa8 33. h6 gxh6
34. Qf6 Ng7 35. Qxh6 Rxe5 36. dxe5 Qa4 37. Qd2 Qb3 38. Qd3 Ne6 39. Kh2 Qa2 40.
Qg3+ Kh7 41. Qh4+ Kg8 42. Qg4+ Kh7 43. Qf5+ Kg8 44. Be7 Qe2 45. Bf6 Kf8 46. Qh7
Ke8 47. f3 Qc4 48. Qh8+ Kd7 49. Qg8 Qf4+ 50. g3 Qf5 51. Qxf7+ Kc6 52. Qe8+ Kc7
53. Qg8 1-0

[Event "GBR-ch71"]
[Site "Brighton"]
[Date "1984.07.30"]
[Round "1"]
[White "Shaw, Robert"]
[Black "Parameswaran, Tiruchi N"]
[Result "0-1"]
[WhiteElo "2050"]
[BlackElo "2365"]
[PlyCount "88"]
[EventDate "1984.07.30"]
[EventType "swiss"]
[EventRounds "11"]
[EventCountry "GBR"]
[SourceTitle "BritBase"]
[Source "John Saunders"]
[SourceDate "2020.09.07"]
[SourceVersion "1"]
[SourceVersionDate "2020.09.07"]
[SourceQuality "2"]

1. e4 c5 2. Nf3 e6 3. c3 d5 4. exd5 Qxd5 5. d4 Nf6 6. Bd3 Be7 7. O-O O-O 8. Bg5
Rd8 9. Bc2 cxd4 10. cxd4 Nc6 11. Nc3 Qa5 12. Ne4 Nxe4 13. Bxe7 Nxe7 14. Bxe4
Nd5 15. Rc1 Nf6 16. Bb1 Bd7 17. Ne5 Rac8 18. Nxd7 Nxd7 19. Rxc8 Rxc8 20. Qf3
Qb5 21. Qd3 Qxd3 22. Bxd3 Nf6 23. f3 Kf8 24. Kf2 Rd8 25. Ke3 Nd5+ 26. Ke4 f5+
27. Ke5 Nb4 28. Bc4 Ke7 29. d5 Nxd5 30. Rf2 g5 31. Kd4 Nb6+ 32. Kc3 Rc8 33. b3
Nxc4 34. bxc4 b5 35. c5 Rxc5+ 36. Kb4 Kd6 37. Rd2+ Rd5 38. Rc2 e5 39. Rc8 e4
40. fxe4 fxe4 41. Ra8 e3 42. Rd8+ Ke5 43. Re8+ Kd4 44. Ra8 e2 0-1